[Event "4NCL/2001-02/D3/PP2-WR2"]
[Site "Rd01-Birmingham"]
[Date "2001.09.22"]
[Round "1.6"]
[White "Van Kemenade, Rudy"]
[Black "James, Stephen B"]
[Result "0-1"]
[WhiteElo "1992"]
[BlackElo "1904"]
[PlyCount "148"]
[EventDate "2001.09.22"]
[EventType "team-match"]
[EventCountry "ENG"]
[SourceTitle "BritBase"]
[Source "John Saunders"]
[SourceDate "2024.10.24"]
[SourceVersion "1"]
[SourceVersionDate "2024.10.24"]
[SourceQuality "1"]
[WhiteTeam "White Rose 2"]
[BlackTeam "Poisoned Pawns 2"]
[WhiteTeamCountry "ENG"]
[BlackTeamCountry "ENG"]

1. e4 e5 2. Nf3 Nc6 3. Bb5 a6 4. Ba4 Nf6 5. d3 b5 6. Bb3 Be7 7. O-O O-O 8. Re1 d6 9. c3 Na5 10. Bc2 c5 11. Nbd2 Re8 12. Nf1 Bf8 13. h3 h6 14. N3h2 d5 15. Qf3 d4 16. Ng3 g6 17. cxd4 cxd4 18. Bd2 Bg7 19. b4 Nc6 20. Bb3 Qe7 21. a3 a5 22. Rec1 Bd7 23. Bd5 Rec8 24. Bxc6 Bxc6 25. bxa5 Bd7 26. Bb4 Qe6 27. Qd1 Bf8 28. Nf3 Bd6 29. Qd2 Kg7 30. Qb2 Bc7 31. Rc5 Bd6 32. Rcc1 Bc7 33. Nd2 Bxa5 34. Bxa5 Rxa5 35. Rxc8 Bxc8 36. Nb3 Ra7 37. f4 exf4 38. Nxd4 Qb6 39. Nge2 f3 40. gxf3 Bxh3 41. Kh2 Bd7 42. e5 Qb8 43. f4 Ng4+ 44. Kg3 Kh7 45. Nc3 Nxe5 46. Nd5 Ng4 47. Nf3 Qd6 48. Qd4 Ra4 49. Nb4 Qxd4 50. Nxd4 Nf6 51. Ndc2 Kg7 52. Re1 Be6 53. Re5 Bb3 54. Nd4 Rxa3 55. Nxb3 Rxb3 56. Rxb5 Ne4+ 57. Kf3 Nc3 58. Rc5 Na4 59. Rc4 Nb2 60. Rd4 h5 61. Kg3 Nd1 62. Kh4 Ne3 63. Re4 Nf5+ 64. Kh3 Rb1 65. Nc6 Rd1 66. Nb4 Rg1 67. Rc4 Ne3 68. Rc7 Nf1 69. Kh4 Rg4+ 70. Kh3 Rxf4 71. Nc6 Rf2 72. Kh4 Kh6 73. Nd8 g5+ 74. Kh3 Rh2# 0-1

[Event "4NCL/2001-02/D3/PP2-WR2"]
[Site "Rd01-Birmingham"]
[Date "2001.09.22"]
[Round "1.7"]
[White "Goodwin, Lydia"]
[Black "Keeling, Geoffrey"]
[Result "1/2-1/2"]
[WhiteElo "1792"]
[BlackElo "2065"]
[PlyCount "55"]
[EventDate "2001.09.22"]
[EventType "team-match"]
[EventCountry "ENG"]
[SourceTitle "BritBase"]
[Source "John Saunders"]
[SourceDate "2024.10.24"]
[SourceVersion "1"]
[SourceVersionDate "2024.10.24"]
[SourceQuality "1"]
[WhiteTeam "Poisoned Pawns 2"]
[BlackTeam "White Rose 2"]
[WhiteTeamCountry "ENG"]
[BlackTeamCountry "ENG"]

1. e4 e5 2. Nf3 Nc6 3. Bc4 Bc5 4. c3 Nf6 5. d4 exd4 6. cxd4 Bb4+ 7. Nc3 Nxe4 8. O-O Bxc3 9. bxc3 d5 10. Bd3 O-O 11. c4 Bg4 12. Re1 Re8 13. Bb2 Nf6 14. cxd5 Qxd5 15. Be2 Rad8 16. a4 Bxf3 17. Bxf3 Rxe1+ 18. Qxe1 Qb3 19. Qd2 Nd5 20. Ra3 Qb4 21. Qxb4 Ncxb4 22. a5 Re8 23. h3 c6 24. Rb3 b6 25. axb6 axb6 26. Ba3 c5 27. Bxd5 Nxd5 28. dxc5 1/2-1/2

[Event "4NCL/2001-02/D3/PP2-WR2"]
[Site "Rd01-Birmingham"]
[Date "2001.09.22"]
[Round "1.8"]
[White "Van Kemenade, Julie"]
[Black "Daugman, John"]
[Result "1/2-1/2"]
[WhiteElo "1592"]
[BlackElo "1744"]
[PlyCount "48"]
[EventDate "2001.09.22"]
[EventType "team-match"]
[EventCountry "ENG"]
[SourceTitle "BritBase"]
[Source "John Saunders"]
[SourceDate "2024.10.24"]
[SourceVersion "1"]
[SourceVersionDate "2024.10.24"]
[SourceQuality "1"]
[WhiteTeam "White Rose 2"]
[BlackTeam "Poisoned Pawns 2"]
[WhiteTeamCountry "ENG"]
[BlackTeamCountry "ENG"]

1. e4 c5 2. f4 d5 3. exd5 Nf6 4. Nc3 Nxd5 5. d3 Nxc3 6. bxc3 Nc6 7. Nf3 e6 8. Be2 Bd6 9. O-O O-O 10. d4 b6 11. Bd3 h6 12. Be3 cxd4 13. cxd4 Bb7 14. Ng5 Be7 15. Qh5 Bf6 16. c3 Ne7 17. Nh7 Qd5 18. Qh3 Rfd8 19. Rf3 Nf5 20. Nxf6+ gxf6 21. Bxf5 Qxf5 22. Qxf5 exf5 23. Rf2 Re8 24. Bd2 Rac8 1/2-1/2

[Event "4NCL/2001-02/D3/WS-SWD2"]
[Site "Rd01-Birmingham"]
[Date "2001.09.22"]
[Round "1.1"]
[White "Hynes, Anthony M"]
[Black "Richmond Garwell, Jane"]
[Result "1/2-1/2"]
[WhiteElo "2232"]
[BlackElo "2243"]
[PlyCount "54"]
[EventDate "2001.09.22"]
[EventType "team-match"]
[EventCountry "ENG"]
[SourceTitle "BritBase"]
[Source "John Saunders"]
[SourceDate "2024.10.24"]
[SourceVersion "1"]
[SourceVersionDate "2024.10.24"]
[SourceQuality "1"]
[WhiteTeam "Warwickshire Select"]
[BlackTeam "South Wales Dragons 2"]
[WhiteTeamCountry "ENG"]
[BlackTeamCountry "WLS"]

1. e4 c5 2. Nf3 Nc6 3. d4 cxd4 4. Nxd4 Nf6 5. Nc3 e5 6. Ndb5 d6 7. Nd5 Nxd5 8. exd5 Nb8 9. c4 Bd7 10. Bd3 Be7 11. Qh5 Na6 12. Nc3 Nc5 13. Bc2 g6 14. Qh6 Bf5 15. Bxf5 gxf5 16. Qh3 Qd7 17. O-O f4 18. Qf3 Rg8 19. b3 Qg4 20. Qxg4 Rxg4 21. f3 Rg6 22. Ba3 Nd7 23. Nb5 Kf8 24. Rac1 a6 25. Nc3 f5 26. Rc2 Kf7 27. Re1 Rc8 1/2-1/2

[Event "4NCL/2001-02/D3/WS-SWD2"]
[Site "Rd01-Birmingham"]
[Date "2001.09.22"]
[Round "1.2"]
[White "Jones, Richard S"]
[Black "Mason, Donald J"]
[Result "1/2-1/2"]
[WhiteElo "2154"]
[BlackElo "2282"]
[PlyCount "40"]
[EventDate "2001.09.22"]
[EventType "team-match"]
[EventCountry "ENG"]
[SourceTitle "BritBase"]
[Source "John Saunders"]
[SourceDate "2024.10.24"]
[SourceVersion "1"]
[SourceVersionDate "2024.10.24"]
[SourceQuality "1"]
[WhiteTeam "South Wales Dragons 2"]
[BlackTeam "Warwickshire Select"]
[WhiteTeamCountry "WLS"]
[BlackTeamCountry "ENG"]

1. e4 e6 2. d4 d5 3. Nd2 c5 4. exd5 exd5 5. Ngf3 Nf6 6. Bb5+ Bd7 7. Qe2+ Be7 8. dxc5 O-O 9. Nb3 Re8 10. O-O Bxc5 11. Qd3 Qb6 12. Bxd7 Nbxd7 13. Bg5 Re4 14. Bxf6 Nxf6 15. Nxc5 Qxc5 16. c3 Qc4 17. Qb1 Re7 18. Nd4 g6 19. Qd1 Rae8 20. Qb3 Ne4 1/2-1/2

[Event "4NCL/2001-02/D3/WS-SWD2"]
[Site "Rd01-Birmingham"]
[Date "2001.09.22"]
[Round "1.3"]
[White "Thomas, Nicholas"]
[Black "Saunders, John C"]
[Result "1-0"]
[WhiteElo "2201"]
[BlackElo "2201"]
[PlyCount "89"]
[EventDate "2001.09.22"]
[EventType "team-match"]
[EventCountry "ENG"]
[SourceTitle "BritBase"]
[Source "John Saunders"]
[SourceDate "2024.10.24"]
[SourceVersion "1"]
[SourceVersionDate "2024.10.24"]
[SourceQuality "1"]
[WhiteTeam "Warwickshire Select"]
[BlackTeam "South Wales Dragons 2"]
[WhiteTeamCountry "ENG"]
[BlackTeamCountry "WLS"]

1. e4 c6 2. d4 d5 3. Nd2 dxe4 4. Nxe4 Nd7 5. Bf4 Ngf6 6. Nd2 Nb6 7. Nb3 Bg4 8. Be2 Bxe2 9. Qxe2 Qd5 10. Nf3 e6 11. O-O Be7 12. Ne5 Qe4 13. Qxe4 Nxe4 14. Na5 Nd5 15. Bc1 f6 16. Nd3 O-O-O 17. Re1 f5 18. c3 Rde8 19. Nc4 Nd6 20. Nce5 Rhf8 21. c4 Nc7 22. b3 g5 23. a4 f4 24. a5 Nf5 25. Bb2 Rd8 26. Re4 Nd6 27. Ree1 Nf5 28. a6 Nxd4 29. axb7+ Kxb7 30. Bxd4 Rxd4 31. Rxa7+ Kxa7 32. Nxc6+ Kb7 33. Nxd4 Rd8 34. Nxe6 Rxd3 35. Nxc7 Bb4 36. Ne6 Rxb3 37. Rd1 h6 38. h4 Kb6 39. hxg5 hxg5 40. Rc1 Rc3 41. Rxc3 Bxc3 42. Nxg5 Be5 43. Kf1 Kc5 44. Ke2 Kxc4 45. Kf3 1-0

[Event "4NCL/2001-02/D3/WS-SWD2"]
[Site "Rd01-Birmingham"]
[Date "2001.09.22"]
[Round "1.4"]
[White "Borg, Andrew"]
[Black "Dighton, Simon G"]
[Result "1/2-1/2"]
[WhiteElo "2131"]
[BlackElo "2236"]
[PlyCount "37"]
[EventDate "2001.09.22"]
[EventType "team-match"]
[EventCountry "ENG"]
[SourceTitle "BritBase"]
[Source "John Saunders"]
[SourceDate "2024.10.24"]
[SourceVersion "1"]
[SourceVersionDate "2024.10.24"]
[SourceQuality "1"]
[WhiteTeam "South Wales Dragons 2"]
[BlackTeam "Warwickshire Select"]
[WhiteTeamCountry "WLS"]
[BlackTeamCountry "ENG"]

1. d4 Nf6 2. c4 e6 3. Nf3 d5 4. Nc3 Bb4 5. cxd5 exd5 6. Bg5 h6 7. Bh4 c5 8. e3 Nc6 9. Bb5 g5 10. Bg3 Ne4 11. Rc1 O-O 12. O-O Bg4 13. Be2 Bxc3 14. bxc3 Qa5 15. c4 dxc4 16. Bxc4 cxd4 17. exd4 Rad8 18. d5 Nc3 19. Qb3 1/2-1/2

[Event "4NCL/2001-02/D3/WS-SWD2"]
[Site "Rd01-Birmingham"]
[Date "2001.09.22"]
[Round "1.5"]
[White "Pitcher, John T"]
[Black "May, Frank WLS"]
[Result "0-1"]
[WhiteElo "2128"]
[BlackElo "2125"]
[PlyCount "166"]
[EventDate "2001.09.22"]
[EventType "team-match"]
[EventCountry "ENG"]
[SourceTitle "BritBase"]
[Source "John Saunders"]
[SourceDate "2024.10.24"]
[SourceVersion "1"]
[SourceVersionDate "2024.10.24"]
[SourceQuality "1"]
[WhiteTeam "Warwickshire Select"]
[BlackTeam "South Wales Dragons 2"]
[WhiteTeamCountry "ENG"]
[BlackTeamCountry "WLS"]

1. e4 Nf6 2. e5 Nd5 3. d4 d6 4. Nf3 dxe5 5. Nxe5 g6 6. Qf3 Be6 7. Bc4 Bg7 8. Nc3 c6 9. O-O Nd7 10. Re1 Nxe5 11. dxe5 O-O 12. Bg5 Nc7 13. Rad1 Qe8 14. Bf1 Rd8 15. Qe3 b6 16. a4 Bf5 17. Rxd8 Qxd8 18. Rd1 Qe8 19. a5 Ne6 20. Bh4 Bxc2 21. Rc1 Bf5 22. axb6 axb6 23. h3 Nc5 24. g4 Be6 25. Bg2 Nb3 26. Rd1 c5 27. Nd5 Bxd5 28. Rxd5 Nd4 29. f4 e6 30. Rd6 Qb5 31. Bd8 Qxb2 32. Bxb6 Qe2 33. Qxe2 Nxe2+ 34. Kf2 Nxf4 35. Bf1 Bxe5 36. Rc6 Bd4+ 37. Kf3 Nd5 38. Bxc5 Bxc5 39. Rxc5 Kg7 40. Bc4 Rd8 41. g5 Rd7 42. Bb5 Rc7 43. Rxc7 Nxc7 44. Bc4 h6 45. h4 hxg5 46. hxg5 Kf8 47. Ke4 Ke7 48. Ke5 Ne8 49. Bd3 Nd6 50. Bc2 Nc8 51. Ba4 Nb6 52. Bb5 Nd7+ 53. Kf4 Kd6 54. Bc4 Nc5 55. Bb5 e5+ 56. Kg4 Kd5 57. Be8 Ke6 58. Bc6 Ke7 59. Bd5 Ne6 60. Bc6 Nd4 61. Bd5 Nf5 62. Kf3 Nd6 63. Kg4 Kd7 64. Kf3 Kc7 65. Ke3 Kb6 66. Bb3 Kc7 67. Bd5 Kd7 68. Kf3 Ke7 69. Bb3 f6 70. gxf6+ Kxf6 71. Kg4 Nf5 72. Ba4 Nd4 73. Bd7 g5 74. Bc8 e4 75. Ba6 e3 76. Kg3 Ke5 77. Kg4 Kf6 78. Kg3 e2 79. Kf2 Ke5 80. Bxe2 Nxe2 81. Kxe2 Ke4 82. Kf2 Kf4 83. Kg2 Kg4 0-1

[Event "4NCL/2001-02/D3/WS-SWD2"]
[Site "Rd01-Birmingham"]
[Date "2001.09.22"]
[Round "1.6"]
[White "Roberts, David L"]
[Black "Wu, Li"]
[Result "1-0"]
[WhiteElo "2150"]
[BlackElo "1984"]
[PlyCount "59"]
[EventDate "2001.09.22"]
[EventType "team-match"]
[EventCountry "ENG"]
[SourceTitle "BritBase"]
[Source "John Saunders"]
[SourceDate "2024.10.24"]
[SourceVersion "1"]
[SourceVersionDate "2024.10.24"]
[SourceQuality "1"]
[WhiteTeam "South Wales Dragons 2"]
[BlackTeam "Warwickshire Select"]
[WhiteTeamCountry "WLS"]
[BlackTeamCountry "ENG"]

1. e4 c5 2. Nf3 d6 3. d4 cxd4 4. Nxd4 Nf6 5. Nc3 g6 6. Be3 Nc6 7. f3 Bd7 8. Qd2 Rc8 9. O-O-O Ne5 10. Kb1 Bg7 11. Bh6 Bxh6 12. Qxh6 Rxc3 13. bxc3 Qb6+ 14. Ka1 Qc5 15. Qd2 O-O 16. Nb3 Qc7 17. Qe3 Rc8 18. Rb1 d5 19. Nd2 dxe4 20. fxe4 Be6 21. Rb2 Nfg4 22. Qxa7 Qxc3 23. Nb1 Qe1 24. Qg1 Ne3 25. c4 Nxf1 26. Qxf1 Qxe4 27. Qe2 Qxe2 28. Rxe2 Nxc4 29. Rc1 Rd8 30. Rxe6 1-0

[Event "4NCL/2001-02/D3/WS-SWD2"]
[Site "Rd01-Birmingham"]
[Date "2001.09.22"]
[Round "1.7"]
[White "Smyth, Martyn"]
[Black "Powell, J Lloyd"]
[Result "0-1"]
[WhiteElo "1960"]
[BlackElo "2040"]
[PlyCount "92"]
[EventDate "2001.09.22"]
[EventType "team-match"]
[EventCountry "ENG"]
[SourceTitle "BritBase"]
[Source "John Saunders"]
[SourceDate "2024.10.24"]
[SourceVersion "1"]
[SourceVersionDate "2024.10.24"]
[SourceQuality "1"]
[WhiteTeam "Warwickshire Select"]
[BlackTeam "South Wales Dragons 2"]
[WhiteTeamCountry "ENG"]
[BlackTeamCountry "WLS"]

1. d4 Nf6 2. Nf3 g6 3. c4 Bg7 4. Nc3 O-O 5. e4 d6 6. Be2 e5 7. dxe5 dxe5 8. Qxd8 Rxd8 9. Bg5 Re8 10. h3 c6 11. O-O Nbd7 12. Rad1 Nc5 13. Nd2 Ne6 14. Be3 Nd4 15. Bd3 Nd7 16. Na4 Nf8 17. c5 Nfe6 18. Nc4 Rd8 19. Rd2 Nf4 20. Bxf4 exf4 21. f3 Be6 22. Rfd1 Rd7 23. Bf1 Bxc4 24. Bxc4 Rad8 25. Kf1 Kf8 26. b3 Ke7 27. Nb2 Nxb3 28. Rxd7+ Rxd7 29. Rxd7+ Kxd7 30. axb3 Bxb2 31. Bxf7 Bd4 32. Bg8 h6 33. Bf7 g5 34. Ke2 Bxc5 35. Kd3 Kd6 36. Kc4 b5+ 37. Kd3 Ba3 38. Kc3 a5 39. Bg8 Bb4+ 40. Kd3 Ke5 41. Bf7 Bf8 42. Bg8 Kd6 43. Bf7 Bg7 44. Bg8 Kc5 45. Bf7 Kb4 46. Kc2 c5 0-1

[Event "4NCL/2001-02/D3/WS-SWD2"]
[Site "Rd01-Birmingham"]
[Date "2001.09.22"]
[Round "1.8"]
[White "Wilson, Julie C"]
[Black "Wilcox, Charlotte"]
[Result "0-1"]
[WhiteElo "1648"]
[BlackElo "1392"]
[PlyCount "84"]
[EventDate "2001.09.22"]
[EventType "team-match"]
[EventCountry "ENG"]
[SourceTitle "BritBase"]
[Source "John Saunders"]
[SourceDate "2024.10.24"]
[SourceVersion "1"]
[SourceVersionDate "2024.10.24"]
[SourceQuality "1"]
[WhiteTeam "South Wales Dragons 2"]
[BlackTeam "Warwickshire Select"]
[WhiteTeamCountry "WLS"]
[BlackTeamCountry "ENG"]

1. d4 d5 2. c4 c6 3. Nc3 Nf6 4. Bf4 Bf5 5. e3 e6 6. a3 Be7 7. Nf3 Nh5 8. cxd5 exd5 9. Be5 Bd6 10. Bxd6 Qxd6 11. Nh4 Bg6 12. Be2 Nf6 13. O-O Ne4 14. Nxe4 Bxe4 15. f3 Bg6 16. Qb3 b6 17. Rac1 Nd7 18. Qc3 Rc8 19. Bb5 O-O 20. Nxg6 Qxg6 21. Bd3 Qe6 22. Qc2 Qxe3+ 23. Kh1 Nf6 24. Bf5 Rc7 25. Qa4 Qf4 26. Bh3 c5 27. g3 Qd6 28. Qc2 c4 29. Rfe1 Re7 30. Qa4 Rfe8 31. Rf1 Nh5 32. Rg1 Qf6 33. Bg4 Qg6 34. Qd1 Nf6 35. Bh3 Qh6 36. Bg2 Nh5 37. Bf1 Re6 38. Bh3 Rg6 39. Bf5 Nxg3+ 40. Rxg3 Rxg3 41. Bg4 Re2 42. Rc2 Rgg2 0-1

[Event "4NCL/2001-02/D3/GUI3-GUI2"]
[Site "Rd02-Birmingham"]
[Date "2001.09.23"]
[Round "2.1"]
[White "Punnett, Alan Kenneth"]
[Black "Povah, Nigel Edward"]
[Result "0-1"]
[WhiteElo "2125"]
[BlackElo "2362"]
[PlyCount "54"]
[EventDate "2001.09.23"]
[EventType "team-match"]
[EventCountry "ENG"]
[SourceTitle "BritBase"]
[Source "John Saunders"]
[SourceDate "2024.10.24"]
[SourceVersion "1"]
[SourceVersionDate "2024.10.24"]
[SourceQuality "1"]
[WhiteTeam "Guildford-ADC 3"]
[BlackTeam "Guildford-ADC 2"]
[WhiteTeamCountry "ENG"]
[BlackTeamCountry "ENG"]

1. d4 Nf6 2. c4 e6 3. Nc3 c5 4. d5 exd5 5. cxd5 d6 6. e4 g6 7. f4 Bg7 8. Bb5+ Nfd7 9. a4 O-O 10. Nf3 Na6 11. O-O Nc7 12. Bc4 a6 13. Re1 Re8 14. Qd3 b5 15. axb5 axb5 16. Rxa8 bxc4 17. Rxc8 cxd3 18. Rxd8 Rxd8 19. Rd1 c4 20. Be3 Rb8 21. Rd2 Bxc3 22. bxc3 Rb3 23. Ra2 Nb5 24. Ra8+ Kg7 25. e5 Nxc3 26. e6 Rb1+ 27. Kf2 Ne4# 0-1

[Event "4NCL/2001-02/D3/GUI3-GUI2"]
[Site "Rd02-Birmingham"]
[Date "2001.09.23"]
[Round "2.2"]
[White "Broomfield, Matthew P"]
[Black "Shepley, Julien M"]
[Result "0-1"]
[WhiteElo "2271"]
[BlackElo "2121"]
[PlyCount "94"]
[EventDate "2001.09.23"]
[EventType "team-match"]
[EventCountry "ENG"]
[SourceTitle "BritBase"]
[Source "John Saunders"]
[SourceDate "2024.10.24"]
[SourceVersion "1"]
[SourceVersionDate "2024.10.24"]
[SourceQuality "1"]
[WhiteTeam "Guildford-ADC 2"]
[BlackTeam "Guildford-ADC 3"]
[WhiteTeamCountry "ENG"]
[BlackTeamCountry "ENG"]

1. d4 d5 2. Nf3 c5 3. c3 e6 4. Bg5 Qb6 5. Qb3 Nc6 6. Qxb6 axb6 7. Na3 Bd6 8. e3 f6 9. Bh4 Nh6 10. Nb5 Bb8 11. Bd3 c4 12. Bc2 Bd7 13. Bg3 Nb4 14. cxb4 Bxb5 15. Bxb8 Rxb8 16. a4 Ra8 17. Ke2 Bd7 18. b5 Nf7 19. Nd2 e5 20. dxe5 Nxe5 21. f4 Bg4+ 22. Nf3 Nxf3 23. gxf3 Bh5 24. Rhd1 Bg6 25. f5 Bf7 26. Rd4 Ke7 27. b4 cxb3 28. Bxb3 Rhd8 29. Rad1 g6 30. e4 gxf5 31. exd5 Kd6 32. Ke3 Re8+ 33. Kf4 Re5 34. Rc1 Be8 35. Rd2 Bd7 36. Rg2 Rae8 37. Rg7 Re3 38. Bc4 Ra3 39. Rf7 Rxa4 40. Rxf6+ Kc5 41. Kg5 Rxc4 42. Rxc4+ Kxc4 43. Rxb6 Rg8+ 44. Kf4 Bc8 45. Rh6 Rg7 46. Ke5 Kxb5 47. d6 Kc5 0-1

[Event "4NCL/2001-02/D3/GUI3-GUI2"]
[Site "Rd02-Birmingham"]
[Date "2001.09.23"]
[Round "2.3"]
[White "Singleton, Michael Peter F"]
[Black "Richardson, Keith Bevan"]
[Result "1-0"]
[WhiteElo "2080"]
[BlackElo "2208"]
[PlyCount "51"]
[EventDate "2001.09.23"]
[EventType "team-match"]
[EventCountry "ENG"]
[SourceTitle "BritBase"]
[Source "John Saunders"]
[SourceDate "2024.10.24"]
[SourceVersion "1"]
[SourceVersionDate "2024.10.24"]
[SourceQuality "1"]
[WhiteTeam "Guildford-ADC 3"]
[BlackTeam "Guildford-ADC 2"]
[WhiteTeamCountry "ENG"]
[BlackTeamCountry "ENG"]

1. d4 Nf6 2. c4 g6 3. Nc3 Bg7 4. e4 d6 5. Be2 O-O 6. Bg5 Na6 7. f4 c6 8. Nf3 Nc7 9. Qd2 d5 10. Bxf6 Bxf6 11. O-O Bg7 12. cxd5 cxd5 13. Nxd5 Nxd5 14. exd5 Qxd5 15. Ne5 Bf5 16. Rac1 Rac8 17. Rc3 Rfd8 18. Rd1 e6 19. Qc1 Rxc3 20. Qxc3 f6 21. Bf3 Be4 22. Bxe4 Qxe4 23. Qc7 Qd5 24. Qf7+ Kh8 25. Nxg6+ hxg6 26. Rd3 1-0

[Event "4NCL/2001-02/D3/GUI3-GUI2"]
[Site "Rd02-Birmingham"]
[Date "2001.09.23"]
[Round "2.4"]
[White "Thompson, Ian D"]
[Black "Dupre, Paul Donald"]
[Result "1-0"]
[WhiteElo "2240"]
[BlackElo "2053"]
[PlyCount "45"]
[EventDate "2001.09.23"]
[EventType "team-match"]
[EventCountry "ENG"]
[SourceTitle "BritBase"]
[Source "John Saunders"]
[SourceDate "2024.10.24"]
[SourceVersion "1"]
[SourceVersionDate "2024.10.24"]
[SourceQuality "1"]
[WhiteTeam "Guildford-ADC 2"]
[BlackTeam "Guildford-ADC 3"]
[WhiteTeamCountry "ENG"]
[BlackTeamCountry "ENG"]

1. c4 Nf6 2. Nc3 d5 3. cxd5 Nxd5 4. g3 c5 5. Bg2 Nc7 6. Nf3 Nc6 7. O-O e5 8. Ne1 Be7 9. Nd3 f6 10. b3 O-O 11. f4 Rb8 12. fxe5 Nxe5 13. Nxe5 fxe5 14. Rxf8+ Bxf8 15. Bb2 b6 16. Qc2 Be7 17. Be4 h6 18. Rf1 Ne6 19. Bd5 Kh8 20. Qg6 Ng5 21. h4 Nh3+ 22. Kh2 Qd7 23. Rf7 1-0

[Event "4NCL/2001-02/D3/GUI3-GUI2"]
[Site "Rd02-Birmingham"]
[Date "2001.09.23"]
[Round "2.5"]
[White "Smart, Michael"]
[Black "Jackson, Adrian"]
[Result "1/2-1/2"]
[WhiteElo "1960"]
[BlackElo "2230"]
[PlyCount "78"]
[EventDate "2001.09.23"]
[EventType "team-match"]
[EventCountry "ENG"]
[SourceTitle "BritBase"]
[Source "John Saunders"]
[SourceDate "2024.10.24"]
[SourceVersion "1"]
[SourceVersionDate "2024.10.24"]
[SourceQuality "1"]
[WhiteTeam "Guildford-ADC 3"]
[BlackTeam "Guildford-ADC 2"]
[WhiteTeamCountry "ENG"]
[BlackTeamCountry "ENG"]

1. e4 c5 2. Nf3 Nc6 3. d4 cxd4 4. Nxd4 Nf6 5. Nc3 e5 6. Ndb5 d6 7. Bg5 a6 8. Na3 b5 9. Nd5 Be7 10. Bxf6 Bxf6 11. c3 O-O 12. Qf3 Bg5 13. h4 Bh6 14. g4 f6 15. Nc2 Ne7 16. Nxe7+ Qxe7 17. a4 bxa4 18. Rxa4 Qd7 19. Bc4+ Kh8 20. Ra3 Qxg4 21. Qxg4 Bxg4 22. Bd5 Rab8 23. Nb4 Bc8 24. O-O f5 25. b3 Bd2 26. exf5 Bxc3 27. Nc6 Rb6 28. Ne7 Bb4 29. Nxc8 Rxc8 30. Raa1 a5 31. Rac1 Rc5 32. Rxc5 dxc5 33. Rd1 Rd6 34. Kg2 g6 35. fxg6 Rxg6+ 36. Kf3 Rf6+ 37. Ke4 Bc3 38. Rg1 Rg6 39. Rxg6 hxg6 1/2-1/2

[Event "4NCL/2001-02/D3/GUI3-GUI2"]
[Site "Rd02-Birmingham"]
[Date "2001.09.23"]
[Round "2.6"]
[White "Sharp, Peter"]
[Black "Stimpson, Philip M"]
[Result "1-0"]
[WhiteElo "2104"]
[BlackElo "1920"]
[PlyCount "129"]
[EventDate "2001.09.23"]
[EventType "team-match"]
[EventCountry "ENG"]
[SourceTitle "BritBase"]
[Source "John Saunders"]
[SourceDate "2024.10.24"]
[SourceVersion "1"]
[SourceVersionDate "2024.10.24"]
[SourceQuality "1"]
[WhiteTeam "Guildford-ADC 2"]
[BlackTeam "Guildford-ADC 3"]
[WhiteTeamCountry "ENG"]
[BlackTeamCountry "ENG"]

1. d4 Nf6 2. c4 e5 3. dxe5 Ng4 4. Nf3 Nc6 5. Bf4 Bb4+ 6. Nbd2 Qe7 7. e3 Ngxe5 8. Nxe5 Nxe5 9. Be2 a5 10. O-O O-O 11. Nb3 Re8 12. a3 Bc5 13. Qd5 Ng6 14. Bg5 Qe5 15. Qxc5 Qxc5 16. Nxc5 Re5 17. b4 d6 18. Bd8 dxc5 19. Bxc7 Re8 20. Bxa5 Be6 21. Bb6 cxb4 22. axb4 Ne5 23. c5 Bc4 24. Bxc4 Nxc4 25. Bc7 Rac8 26. Bg3 Ne5 27. Bxe5 Rxe5 28. Rfd1 Kf8 29. Rd7 Re7 30. Rxe7 Kxe7 31. Kf1 Kd7 32. Rd1+ Kc7 33. Ke2 Ra8 34. Rd6 Ra2+ 35. Kf3 Rb2 36. Rb6 Rc2 37. g4 Rc4 38. h3 Rc2 39. Kg3 Rc3 40. Kf4 Rc2 41. Kg3 Rc3 42. h4 h6 43. h5 Rb3 44. Kf4 Rb2 45. f3 Rb3 46. Ke4 Rb1 47. f4 Rg1 48. Kf5 Rh1 49. e4 Rh2 50. e5 Rb2 51. e6 fxe6+ 52. Kxe6 Rg2 53. Kf5 Rb2 54. g5 Rh2 55. Kg6 Rg2 56. Re6 hxg5 57. fxg5 Rg4 58. Rb6 Rg1 59. h6 gxh6 60. Kxh6 Rh1+ 61. Kg7 Rg1 62. g6 Rb1 63. Kg8 Rg1 64. g7 Rg4 65. Kf7 1-0

[Event "4NCL/2001-02/D3/GUI3-GUI2"]
[Site "Rd02-Birmingham"]
[Date "2001.09.23"]
[Round "2.7"]
[White "Bimbatti, Gian"]
[Black "Norman, Kenneth I"]
[Result "0-1"]
[WhiteElo "1768"]
[BlackElo "2160"]
[PlyCount "93"]
[EventDate "2001.09.23"]
[EventType "team-match"]
[EventCountry "ENG"]
[SourceTitle "BritBase"]
[Source "John Saunders"]
[SourceDate "2024.10.24"]
[SourceVersion "1"]
[SourceVersionDate "2024.10.24"]
[SourceQuality "1"]
[WhiteTeam "Guildford-ADC 3"]
[BlackTeam "Guildford-ADC 2"]
[WhiteTeamCountry "ENG"]
[BlackTeamCountry "ENG"]

1. e4 e5 2. Nf3 Nc6 3. Bb5 a6 4. Ba4 Nf6 5. Qe2 b5 6. Bb3 Be7 7. O-O O-O 8. c3 d6 9. h3 Na5 10. Bc2 c5 11. Rd1 Qc7 12. d4 cxd4 13. cxd4 Bb7 14. d5 Bc8 15. Nbd2 Bd7 16. Nf1 Nc4 17. b3 Nb6 18. Be3 Rfc8 19. Rac1 Qb7 20. Bd3 Bf8 21. Bg5 Ne8 22. g4 h6 23. Be3 g6 24. Ng3 Bg7 25. Qd2 Kh7 26. Kg2 Rxc1 27. Rxc1 Nc8 28. Nh4 Ne7 29. g5 Ng8 30. Nf3 h5 31. Nh4 Bf8 32. f4 exf4 33. Bxf4 Bg7 34. Qe2 Ne7 35. Kh2 b4 36. Nxh5 gxh5 37. Qxh5+ Kg8 38. e5 dxe5 39. Qh7+ Kf8 40. g6 exf4 41. gxf7 Nf6 42. Ng6+ Nxg6 43. Qxg6 Qxd5 44. Rg1 Qxf7 45. Qg5 Rc8 46. Bc4 Qe7 47. Rf1 0-1